000 00579nam a2200181Ia 4500
008 100921s9999 xx 000 0 und d
082 _b29765
_a891.463 थ 98
100 _aतिबिले अनंत.
245 _aशर्थ.
260 _bयुनिटी प्रकाशन, पुणे.
_c1998
300 _a175
_bरसिक साहित्य,पुणे
365 _b140
520 _aललित-कादंबरी.
630 _aशर्थ.
650 _aललित-कादंबरी.
730 _aशर्थ.
942 _cBOOK
999 _c778878
_d778875